[Event "WinterChess sub 2200 enero 2013"]
[Site "Palma de Mallorca ESP"]
[Date "2013.01.16"]
[Round "5.16"]
[White "Oliver Marquet, Juan"]
[Black "Garcia Comendador, Simon"]
[Result "1-0"]
[WhiteElo "1857"]
[BlackElo "1643"]
[PlyCount "32"]
[EventDate "2013.01.12"]
[EventType "swiss"]
[EventRounds "9"]
[EventCountry "ESP"]
[Source "lmi"]
[SourceDate "2013.01.12"]

1. d4 Nf6 2. c4 e6 3. Nc3 c5 4. e3 Na6 5. Nf3 Nc7 6. Bd3 d5 7. O-O cxd4 8. exd4
dxc4 9. Bxc4 Bb4 10. Qa4+ Bd7 11. Qxb4 Bc6 12. Bb5 Nxb5 13. Nxb5 Ne4 14. Bf4 a5
15. Qb3 Bd5 16. Qd3 O-O 1-0

[Event "WinterChess sub 2200 enero 2013"]
[Site "Palma de Mallorca ESP"]
[Date "2013.01.16"]
[Round "5.17"]
[White "Prill, Gerhard"]
[Black "Jaume Pons, Antonio"]
[Result "0-1"]
[WhiteElo "2056"]
[BlackElo "1716"]
[PlyCount "80"]
[EventDate "2013.01.12"]
[EventType "swiss"]
[EventRounds "9"]
[EventCountry "ESP"]
[Source "lmi"]
[SourceDate "2013.01.12"]

1. e4 c5 2. Nf3 Nc6 3. d4 cxd4 4. Nxd4 e5 5. Nb5 a6 6. Nd6+ Bxd6 7. Qxd6 Qf6 8.
Qc7 Nge7 9. Nc3 O-O 10. Be3 Re8 11. Nd5 Nxd5 12. exd5 Nd4 13. O-O-O d6 14. c3
Bf5 15. Qb6 Nc2 16. Bd2 Rec8 17. f3 a5 18. Bb5 Nb4 19. Be3 Qg6 20. Rd2 Nxa2+
21. Kd1 Nxc3+ 22. bxc3 Rxc3 23. g4 Bc2+ 24. Ke1 a4 25. Kf2 a3 26. Ra1 h6 27.
Bd7 a2 28. Bf5 Bxf5 29. gxf5 Qxf5 30. Raxa2 Rac8 31. Ra4 Qh3 32. Rg4 Qxh2+ 33.
Rg2 Qh4+ 34. Ke2 Qc4+ 35. Kf2 Rc1 36. Kg3 Rh1 37. Rh2 Rxh2 38. Kxh2 Qh4+ 39.
Kg2 Rc1 40. f4 exf4 0-1

[Event "WinterChess sub 2200 enero 2013"]
[Site "Palma de Mallorca ESP"]
[Date "2013.01.16"]
[Round "5.18"]
[White "Rubert Alfonso, Victor"]
[Black "Gimenez Garcia, Emilio"]
[Result "0-1"]
[WhiteElo "1591"]
[BlackElo "1840"]
[PlyCount "86"]
[EventDate "2013.01.12"]
[EventType "swiss"]
[EventRounds "9"]
[EventCountry "ESP"]
[Source "lmi"]
[SourceDate "2013.01.12"]

1. e4 c6 2. d4 d5 3. Nc3 dxe4 4. Nxe4 Nf6 5. f3 Bf5 6. Ng3 Bg6 7. Bc4 e6 8.
N1e2 Bd6 9. O-O Qc7 10. Qe1 h5 11. Rf2 h4 12. Nf1 Nh5 13. h3 Nd7 14. Bg5 Ng3
15. Nexg3 hxg3 16. Re2 Nf6 17. c3 O-O-O 18. b4 Rde8 19. a4 Nd5 20. Ne3 Nf4 21.
Bxf4 Bxf4 22. Rb2 e5 23. d5 Qb6 24. Re2 cxd5 25. a5 Qc6 26. Bxd5 Bxe3+ 27. Rxe3
Qxd5 28. Rd1 Qa2 29. Qxg3 Qc2 30. Rde1 f6 31. Qg4+ Kb8 32. f4 Bf5 33. Qg3 e4
34. R1e2 Qc1+ 35. Re1 Qd2 36. R3e2 Qd7 37. Re3 Rd8 38. Qh2 Qc7 39. g4 Bxg4 40.
Rxe4 Rxh3 41. Qg2 Qxc3 42. Qxg4 Rg3+ 43. Qxg3 Qxg3+ 0-1

[Event "WinterChess sub 2200 enero 2013"]
[Site "Palma de Mallorca ESP"]
[Date "2013.01.16"]
[Round "5.20"]
[White "Porcel Jimenez, Ramon"]
[Black "Trillo-Figueroa Vidal, Antonio"]
[Result "0-1"]
[WhiteElo "1447"]
[BlackElo "1743"]
[PlyCount "68"]
[EventDate "2013.01.12"]
[EventType "swiss"]
[EventRounds "9"]
[EventCountry "ESP"]
[Source "lmi"]
[SourceDate "2013.01.12"]

1. e4 c5 2. Nf3 d6 3. d4 cxd4 4. Nxd4 Nf6 5. Nc3 a6 6. Be3 e6 7. Be2 Be7 8. O-O
O-O 9. f4 Qc7 10. Bf3 Nc6 11. a3 Nxd4 12. Bxd4 e5 13. fxe5 dxe5 14. Bf2 Bc5 15.
Qe2 Be6 16. Rad1 Bc4 17. Nd5 Nxd5 18. Qe1 Nf4 19. Bxc5 Qxc5+ 20. Rf2 Rad8 21.
Kh1 Rxd1 22. Bxd1 Rd8 23. Bf3 Bb5 24. h3 Bc6 25. Kh2 h6 26. g3 Ne6 27. c3 Ng5
28. Bg2 Qd6 29. h4 Nh7 30. Qe2 Nf6 31. Bf3 Qd3 32. Qxd3 Rxd3 33. Kg2 Nxe4 34.
Bxe4 Bxe4+ 0-1

[Event "WinterChess sub 2200 enero 2013"]
[Site "Palma de Mallorca ESP"]
[Date "2013.01.16"]
[Round "5.21"]
[White "Rubert Cabrillana, Antonio"]
[Black "Carranza Pons, Ricardo Nelson"]
[Result "1-0"]
[WhiteElo "1297"]
[BlackElo "1741"]
[PlyCount "79"]
[EventDate "2013.01.12"]
[EventType "swiss"]
[EventRounds "9"]
[EventCountry "ESP"]
[Source "lmi"]
[SourceDate "2013.01.12"]

1. e4 Nf6 2. Nc3 d5 3. e5 Ne4 4. Nxe4 dxe4 5. d4 Bf5 6. g4 Bd7 7. Bh3 h5 8.
gxh5 Bxh3 9. Nxh3 Qd7 10. Nf4 c5 11. d5 Qf5 12. e6 Na6 13. exf7+ Kxf7 14. a3
Rd8 15. c4 Kg8 16. Rg1 Nc7 17. h4 e5 18. Rg5 Qd7 19. Ng6 Rh7 20. Nxe5 Qh3 21.
Qe2 Qxh4 22. Be3 Be7 23. Rg1 Qxh5 24. Ng4 Ne8 25. O-O-O Nf6 26. Bf4 Qf5 27.
Nxf6+ Bxf6 28. Rg4 Rh4 29. Rxh4 Bxh4 30. Bc7 Rd7 31. d6 Bg5+ 32. Kb1 e3+ 33.
Ka2 Qxf2 34. Qh5 Qf7 35. Qxg5 e2 36. Re1 Qxc4+ 37. Ka1 Qc2 38. Qd5+ Rf7 39. d7
Qd1+ 40. Rxd1 1-0

[Event "WinterChess sub 2200 enero 2013"]
[Site "Palma de Mallorca ESP"]
[Date "2013.01.16"]
[Round "5.23"]
[White "Rossello Sanchez, Bartolome"]
[Black "Cristea, Adrian"]
[Result "0-1"]
[WhiteElo "1345"]
[BlackElo "1582"]
[PlyCount "66"]
[EventDate "2013.01.12"]
[EventType "swiss"]
[EventRounds "9"]
[EventCountry "ESP"]
[Source "lmi"]
[SourceDate "2013.01.12"]

1. d4 d5 2. e3 c5 3. Nf3 e6 4. c4 Nf6 5. Bd3 Nc6 6. a3 h6 7. h3 Bd6 8. Nc3 O-O
9. Qe2 Re8 10. Bc2 dxc4 11. Qxc4 cxd4 12. exd4 e5 13. d5 Nd4 14. Bd1 b5 15. Qa2
b4 16. Ne2 bxa3 17. bxa3 Nxf3+ 18. gxf3 Qa5+ 19. Bd2 Qxd5 20. Qxd5 Nxd5 21. Bb3
Nf4 22. h4 Ba6 23. Nc1 e4 24. Bxf4 Bxf4 25. Bd1 Rad8 26. Ne2 Bd2+ 27. Kf1 exf3
28. Rh3 Rxe2 29. Rxf3 Re1+ 30. Kg2 Bb7 31. Rb1 Be4 32. Kh2 Rxd1 33. Rxd1 Bxf3
0-1

[Event "WinterChess sub 2200 enero 2013"]
[Site "Palma de Mallorca ESP"]
[Date "2013.01.16"]
[Round "5.24"]
[White "Martinez Fernandez, Emma"]
[Black "Castell Cantero, Jose Juan"]
[Result "1-0"]
[WhiteElo "1507"]
[BlackElo "1530"]
[PlyCount "73"]
[EventDate "2013.01.12"]
[EventType "swiss"]
[EventRounds "9"]
[EventCountry "ESP"]
[Source "lmi"]
[SourceDate "2013.01.12"]

1. e4 c5 2. d4 cxd4 3. c3 dxc3 4. Nxc3 Nc6 5. Nf3 e6 6. Bc4 Qb6 7. O-O Bc5 8.
Qe2 Nge7 9. Rd1 O-O 10. Na4 Qa5 11. Nxc5 Qxc5 12. a3 b6 13. e5 Nf5 14. b4 Qe7
15. Bb2 Bb7 16. Rac1 Rad8 17. Bd3 Nh4 18. Rc4 Nxf3+ 19. Qxf3 b5 20. Qh3 g6 21.
Rh4 f5 22. exf6 Qf7 23. Bxg6 Qxg6 24. Rg4 Rf7 25. Rxg6+ hxg6 26. Qh6 Nd4 27.
Bxd4 Be4 28. Re1 d5 29. h4 Rdd7 30. h5 Rh7 31. Qg5 Rxh5 32. Qf4 Rf7 33. Qb8+
Kh7 34. Qe8 Rb7 35. f7 Kh6 36. f8=Q+ Kg5 37. Qf6+ 1-0

[Event "WinterChess sub 2200 enero 2013"]
[Site "Palma de Mallorca ESP"]
[Date "2013.01.16"]
[Round "5.25"]
[White "Rodriguez Bennassar, Miquel A"]
[Black "Coll Verger, Amador"]
[Result "0-1"]
[WhiteElo "1452"]
[BlackElo "1712"]
[PlyCount "68"]
[EventDate "2013.01.12"]
[EventType "swiss"]
[EventRounds "9"]
[EventCountry "ESP"]
[Source "lmi"]
[SourceDate "2013.01.12"]

1. d4 Nf6 2. Nf3 e6 3. g3 d5 4. Bg2 c5 5. O-O Nc6 6. c4 Be7 7. cxd5 exd5 8. h3
c4 9. Nc3 Be6 10. Ng5 Qd7 11. Nxe6 Qxe6 12. a3 a6 13. Qc2 Nxd4 14. Qd1 Nb3 15.
Nxd5 Nxd5 16. Bxd5 Qc8 17. Rb1 O-O 18. Qc2 Nxc1 19. Rbxc1 Bg5 20. Qxc4 Bxc1 21.
Rxc1 Qxh3 22. Bg2 Qd7 23. Qd5 Qg4 24. Kf1 Rfe8 25. e3 Rad8 26. Qb3 Rd2 27. Kg1
Qe2 28. Rf1 Rxb2 29. Qa4 Kf8 30. Qf4 Qd3 31. Rc1 Rc2 32. Rxc2 Qxc2 33. Qd6+ Kg8
34. Bxb7 Qb1+ 0-1

[Event "WinterChess sub 2200 enero 2013"]
[Site "Palma de Mallorca ESP"]
[Date "2013.01.17"]
[Round "6.1"]
[White "Guerreiro, Nuno"]
[Black "Vallespir Salor, Gabriel"]
[Result "0-1"]
[WhiteElo "2085"]
[BlackElo "2102"]
[PlyCount "95"]
[EventDate "2013.01.12"]
[EventType "swiss"]
[EventRounds "9"]
[EventCountry "ESP"]
[Source "lmi"]
[SourceDate "2013.01.12"]

1. e4 c6 2. d3 d5 3. Nd2 Nf6 4. Ngf3 Bg4 5. g3 dxe4 6. dxe4 Nxe4 7. h3 Bxf3 8.
Qxf3 Nxd2 9. Bxd2 Qd5 10. Qxd5 cxd5 11. Bg2 Nc6 12. Bxd5 e6 13. Bg2 O-O-O 14.
O-O-O Bc5 15. Rhf1 Rd7 16. Rde1 Nb4 17. a3 Na2+ 18. Kb1 Rxd2 19. Kxa2 Rhd8 20.
Be4 Bxf2 21. Rb1 f5 22. Bd3 Bxg3 23. Rf3 Bh4 24. Rf4 g5 25. Rc4+ Kb8 26. Rf1 h5
27. Rf3 Bf2 28. Kb3 g4 29. hxg4 hxg4 30. Rff4 Be3 31. Rf1 Rh2 32. Re1 f4 33.
Rxe3 fxe3 34. Rxg4 e2 35. Re4 Rd6 36. Bxe2 Kc7 37. Rc4+ Rc6 38. Re4 Kd6 39. Bd3
Rh5 40. Bc4 e5 41. Bd3 Rh2 42. Rg4 Rf2 43. Rg7 Rf3 44. Ka2 Rb6 45. a4 Rf4 46.
b3 e4 47. Bc4 Ke5 48. Rd7 0-1

[Event "WinterChess sub 2200 enero 2013"]
[Site "Palma de Mallorca ESP"]
[Date "2013.01.17"]
[Round "6.2"]
[White "Bestard Borras, Miguel"]
[Black "Queirolo Perez, Manuel"]
[Result "0-1"]
[WhiteElo "2178"]
[BlackElo "2096"]
[PlyCount "118"]
[EventDate "2013.01.12"]
[EventType "swiss"]
[EventRounds "9"]
[EventCountry "ESP"]
[Source "lmi"]
[SourceDate "2013.01.12"]

1. d4 Nf6 2. Bf4 c5 3. e3 Qb6 4. Nc3 cxd4 5. exd4 a6 6. Rb1 e6 7. a3 Qc6 8. Nf3
d6 9. Bd3 Be7 10. Qe2 h6 11. O-O Nbd7 12. Rfe1 g5 13. Bg3 d5 14. Ne5 Nxe5 15.
Bxe5 Rg8 16. Nb5 Kf8 17. Nc3 Ke8 18. Qf3 Nd7 19. Bg3 g4 20. Qf4 Bf6 21. Qxh6
Bg5 22. Qh7 Nf6 23. Bb5 Nxh7 24. Bxc6+ bxc6 25. Na4 Bd8 26. Nc5 Nf6 27. Re3 Be7
28. Na4 Nd7 29. Rbe1 Ra7 30. c4 dxc4 31. Rc3 Rb7 32. Rxc4 Nb8 33. Bxb8 Rxb8 34.
Rxc6 a5 35. Rb6 Rxb6 36. Nxb6 Bb7 37. Nc4 Rg5 38. b4 axb4 39. axb4 Rb5 40. Ne5
Rxb4 41. Nxg4 Rxd4 42. Ne3 Rb4 43. g3 Bf3 44. h3 Kf8 45. Nf1 Rb2 46. Nh2 Bd5
47. Ng4 Bc5 48. Rf1 Bb6 49. h4 Bc6 50. h5 Bf3 51. Ne5 Bxh5 52. Nd7+ Kg7 53.
Nxb6 Rxb6 54. Kg2 Bg4 55. Rc1 Rb3 56. Rc2 Bf3+ 57. Kh3 f5 58. Rc7+ Kg6 59. g4
f4 0-1

[Event "WinterChess sub 2200 enero 2013"]
[Site "Palma de Mallorca ESP"]
[Date "2013.01.17"]
[Round "6.3"]
[White "Shen, Yue"]
[Black "Ponce Cano, Adrian"]
[Result "1-0"]
[WhiteElo "2150"]
[BlackElo "2078"]
[PlyCount "75"]
[EventDate "2013.01.12"]
[EventType "swiss"]
[EventRounds "9"]
[EventCountry "ESP"]
[Source "lmi"]
[SourceDate "2013.01.12"]

1. d4 d5 2. c4 e6 3. g3 c5 4. Nf3 Nc6 5. cxd5 exd5 6. Bg2 Nf6 7. O-O Be7 8. Nc3
O-O 9. dxc5 Bxc5 10. Na4 Be7 11. Be3 Re8 12. Rc1 Bg4 13. Nc5 Bxc5 14. Bxc5 Qd7
15. Re1 Bh3 16. Bh1 Rac8 17. Be3 h6 18. Qa4 Ng4 19. Bf4 Qf5 20. Qb5 g5 21. Bd2
Nd4 22. Rxc8 Nxb5 23. Rxe8+ Kh7 24. Re7 Nd6 25. Bc3 a6 26. a4 b5 27. a5 Ne4 28.
Bd4 Nd6 29. Ra7 Nc4 30. Rxa6 Nge5 31. Nxe5 Nxe5 32. Rd6 Nc4 33. Rxd5 Qc8 34.
Rxb5 Qa6 35. Be4+ f5 36. Rb7+ Kg6 37. Bd5 Kh5 38. Bf7+ 1-0

[Event "WinterChess sub 2200 enero 2013"]
[Site "Palma de Mallorca ESP"]
[Date "2013.01.17"]
[Round "6.4"]
[White "Munar Rossello, Pedro"]
[Black "Gromovs, Sergejs"]
[Result "0-1"]
[WhiteElo "2076"]
[BlackElo "2001"]
[PlyCount "78"]
[EventDate "2013.01.12"]
[EventType "swiss"]
[EventRounds "9"]
[EventCountry "ESP"]
[Source "lmi"]
[SourceDate "2013.01.12"]

1. e4 d6 2. c4 Nf6 3. Nc3 g6 4. Nf3 Bg7 5. d4 O-O 6. Be2 Na6 7. O-O e5 8. d5
Nc5 9. Qc2 a5 10. Ne1 b6 11. Be3 Bd7 12. Kh1 Qe7 13. b3 Nfxe4 14. Nxe4 Nxe4 15.
g4 f5 16. Rg1 Kh8 17. gxf5 gxf5 18. f3 Nc5 19. Rd1 Rg8 20. Ng2 Qf8 21. Bxc5
bxc5 22. Bd3 Bh6 23. Rdf1 a4 24. Ne1 axb3 25. Rxg8+ Qxg8 26. Qxb3 Qg6 27. Qb2
Be3 28. Ng2 Bd4 29. Qe2 Qg5 30. Rb1 f4 31. Qd2 Bh3 32. Bf1 e4 33. Qe2 Qh5 34.
Rb3 exf3 35. Qxf3 Bg4 36. Qe4 Re8 37. Qd3 f3 38. Nf4 Qg5 39. Qd2 Bf5 0-1

[Event "WinterChess sub 2200 enero 2013"]
[Site "Palma de Mallorca ESP"]
[Date "2013.01.17"]
[Round "6.5"]
[White "Asensio Ramos, Enrique Fernando"]
[Black "Gaya Llodra, Juan"]
[Result "1-0"]
[WhiteElo "1904"]
[BlackElo "2173"]
[PlyCount "87"]
[EventDate "2013.01.12"]
[EventType "swiss"]
[EventRounds "9"]
[EventCountry "ESP"]
[Source "lmi"]
[SourceDate "2013.01.12"]

1. d4 Nf6 2. c4 e6 3. Bf4 c5 4. Nc3 cxd4 5. Qxd4 Nc6 6. Qd2 Bb4 7. Bg5 Ne4 8.
Bxd8 Nxd2 9. Kxd2 Kxd8 10. a3 Be7 11. b4 a5 12. b5 Nd4 13. Ra2 b6 14. Na4 Kc7
15. e3 Nb3+ 16. Kc3 Nc5 17. Nxc5 Bxc5 18. Be2 Bb7 19. Bf3 d5 20. Ne2 Rhd8 21.
Rd1 Rac8 22. cxd5 Kb8 23. Kb3 e5 24. e4 Bxf2 25. Rf1 Bc5 26. Bg4 Rc7 27. Rc2
Rd6 28. Nc1 f6 29. Nd3 Bd4 30. Rxc7 Kxc7 31. Rc1+ Kd8 32. Be6 Rxe6 33. dxe6
Bxe4 34. Nf4 g5 35. Ne2 Be3 36. Rd1+ Ke7 37. g3 Kxe6 38. Nc3 Bg2 39. Rd8 Bd4
40. Rh8 Bf1 41. Rxh7 Bd3 42. Rh8 e4 43. Rd8 Ke5 44. Rd5+ 1-0

[Event "WinterChess sub 2200 enero 2013"]
[Site "Palma de Mallorca ESP"]
[Date "2013.01.17"]
[Round "6.6"]
[White "Crespi Lopez, Juan"]
[Black "Torres Tur, Juan"]
[Result "1/2-1/2"]
[WhiteElo "1972"]
[BlackElo "2045"]
[PlyCount "92"]
[EventDate "2013.01.12"]
[EventType "swiss"]
[EventRounds "9"]
[EventCountry "ESP"]
[Source "lmi"]
[SourceDate "2013.01.12"]

1. e4 c5 2. Nf3 d6 3. d4 cxd4 4. Nxd4 Nf6 5. Nc3 g6 6. Be3 Bg7 7. f3 O-O 8. Qd2
Nc6 9. Bc4 Nxd4 10. Bxd4 Be6 11. Nd5 Bxd5 12. Bxd5 Qc7 13. Bb3 b5 14. a4 Qb7
15. axb5 Qxb5 16. Ra5 Qd7 17. O-O Rfc8 18. Rfa1 Rc7 19. c3 Qc6 20. Qf2 Rb8 21.
Ba4 Qc4 22. Bxa7 Ra8 23. Bb5 Qe6 24. Bd4 Rb8 25. c4 Nd7 26. Ra8 Rbc8 27. Bxg7
Kxg7 28. Qd4+ f6 29. Rxc8 Rxc8 30. Bxd7 Qxd7 31. Ra7 Qe6 32. b3 Rb8 33. Qc3 Kf7
34. Rc7 Qe5 35. Qxe5 fxe5 36. c5 dxc5 37. Rxc5 Rxb3 38. Rxe5 Rb2 39. h4 h5 40.
Kh2 Kf6 41. Rc5 Rd2 42. Kh3 Rd3 43. Kg3 e5 44. Rc6+ Kf7 45. Rc2 Kf6 46. Kf2 Rd1
1/2-1/2

[Event "WinterChess sub 2200 enero 2013"]
[Site "Palma de Mallorca ESP"]
[Date "2013.01.17"]
[Round "6.7"]
[White "Llorens Hofman, Ivan"]
[Black "Fiol Company, Juan"]
[Result "1-0"]
[WhiteElo "2036"]
[BlackElo "1935"]
[PlyCount "79"]
[EventDate "2013.01.12"]
[EventType "swiss"]
[EventRounds "9"]
[EventCountry "ESP"]
[Source "lmi"]
[SourceDate "2013.01.12"]

1. d4 Nf6 2. c4 c5 3. d5 b5 4. cxb5 a6 5. b6 g6 6. Nc3 Bg7 7. e4 d6 8. Nf3 Nbd7
9. Nd2 O-O 10. Nc4 Nxb6 11. Ne3 e6 12. Be2 Bb7 13. a4 Nxe4 14. Nxe4 exd5 15.
Ng3 d4 16. Nc2 Bxg2 17. Rg1 Bc6 18. a5 Nd5 19. Ra3 Re8 20. h4 Bb5 21. Kf1 Qxh4
22. Bxb5 axb5 23. Nf5 Qf6 24. Nxg7 Qxg7 25. Qd3 b4 26. Ra1 Re7 27. Qc4 Qe5 28.
Rg5 f5 29. Bd2 Kg7 30. Re1 Ne3+ 31. fxe3 Qh2 32. Qe2 Qh4 33. Qg2 Rxa5 34. exd4
Rxe1+ 35. Nxe1 Qxd4 36. Qb7+ Kf6 37. Rg2 Qc4+ 38. Re2 g5 39. Qe7+ Kg6 40. Qxg5+
1-0

[Event "WinterChess sub 2200 enero 2013"]
[Site "Palma de Mallorca ESP"]
[Date "2013.01.17"]
[Round "6.8"]
[White "Juan Mas, Santiago"]
[Black "Martinez Vicario, Jose Maria"]
[Result "1-0"]
[WhiteElo "2025"]
[BlackElo "2131"]
[PlyCount "89"]
[EventDate "2013.01.12"]
[EventType "swiss"]
[EventRounds "9"]
[EventCountry "ESP"]
[Source "lmi"]
[SourceDate "2013.01.12"]

1. e4 d5 2. exd5 Nf6 3. d4 Bg4 4. Be2 Bxe2 5. Qxe2 Qxd5 6. Nf3 Nc6 7. O-O O-O-O
8. Qe3 e6 9. c4 Qf5 10. Rd1 Bd6 11. c5 Be7 12. Nc3 Nd5 13. Nxd5 exd5 14. b4
Rde8 15. Qd2 g5 16. b5 g4 17. Ne1 Nb8 18. Qa5 h5 19. c6 Bd6 20. Qxa7 bxc6 21.
bxc6 Nxc6 22. Qa4 Nd8 23. Nd3 h4 24. Nc5 Bxc5 25. dxc5 c6 26. Rb1 Re4 27. Qb3
Kd7 28. Qb8 Qe6 29. Rb7+ Ke8 30. Bd2 g3 31. Ba5 Qf6 32. Qxd8+ Qxd8 33. Bxd8
gxf2+ 34. Kf1 Rh5 35. Bc7 Rf5 36. Rb2 Rc4 37. Bd6 Kd7 38. Re2 Rb4 39. a3 Rb3
40. Ra1 d4 41. Rxf2 Rd5 42. Re1 f5 43. Rfe2 Rxd6 44. Re7+ Kc8 45. cxd6 1-0

[Event "WinterChess sub 2200 enero 2013"]
[Site "Palma de Mallorca ESP"]
[Date "2013.01.17"]
[Round "6.9"]
[White "Vich Ramirez, Carles"]
[Black "Cerdo Fernandez, Miguel"]
[Result "0-1"]
[WhiteElo "2126"]
[BlackElo "1946"]
[PlyCount "86"]
[EventDate "2013.01.12"]
[EventType "swiss"]
[EventRounds "9"]
[EventCountry "ESP"]
[Source "lmi"]
[SourceDate "2013.01.12"]

1. e4 Nf6 2. d3 e5 3. g3 Bc5 4. Bg2 O-O 5. Nf3 Nc6 6. O-O d5 7. Nbd2 Be6 8. c3
a5 9. h3 Qd7 10. Ng5 Rad8 11. Nxe6 fxe6 12. Qe2 Rf7 13. Nf3 dxe4 14. dxe4 Qd3
15. Qxd3 Rxd3 16. Ne1 Rxg3 17. Kh2 Rg6 18. Nd3 Bd6 19. Bf3 Rf8 20. Be3 Nd7 21.
Bh5 Rgf6 22. Bg5 Rf4 23. Bxf4 exf4 24. Bg4 Kf7 25. Bf3 g5 26. Bd1 Nde5 27.
Nxe5+ Nxe5 28. a3 f3 29. b4 axb4 30. axb4 Kg6 31. Bc2 Rf4 32. Rad1 Rh4 33. Rxd6
cxd6 34. Rd1 Kf6 35. Rxd6 Ng4+ 36. Kg3 Ne5 37. Bb3 Rxe4 38. Rxe6+ Kg7 39. Bd5
Re1 40. Bxb7 Rg1+ 41. Kh2 Rg2+ 42. Kh1 Nd3 43. Bxf3 Rxf2 0-1

[Event "WinterChess sub 2200 enero 2013"]
[Site "Palma de Mallorca ESP"]
[Date "2013.01.17"]
[Round "6.10"]
[White "Oliver Amengual, Adria"]
[Black "Planas Gene, Juan"]
[Result "1-0"]
[WhiteElo "1931"]
[BlackElo "2109"]
[PlyCount "70"]
[EventDate "2013.01.12"]
[EventType "swiss"]
[EventRounds "9"]
[EventCountry "ESP"]
[Source "lmi"]
[SourceDate "2013.01.12"]

1. d4 Nf6 2. c4 c5 3. d5 b5 4. cxb5 a6 5. bxa6 Bxa6 6. b3 g6 7. g3 Bg7 8. Bb2
d6 9. Bg2 O-O 10. Nh3 Nbd7 11. O-O Qb6 12. Qd2 Rfb8 13. Bc3 Qb5 14. Re1 Bb7 15.
e4 Ra7 16. Qb2 Rba8 17. Nd2 Ne5 18. Bf1 Qd7 19. Bxe5 dxe5 20. Nc4 Ba6 21. Kg2
Bxc4 22. Bxc4 Nh5 23. f3 h6 24. a4 f5 25. Nf2 Qd6 26. Nd3 f4 27. g4 Nf6 28.
Rac1 Nd7 29. Bb5 Rc8 30. Rc3 Nb6 31. Rec1 Nxd5 32. exd5 e4 33. fxe4 f3+ 34. Kh3
Qf6 35. e5 Qf8 1-0

[Event "WinterChess sub 2200 enero 2013"]
[Site "Palma de Mallorca ESP"]
[Date "2013.01.17"]
[Round "6.11"]
[White "Gallardo Pina, Neus"]
[Black "Schenk Papke, Andres"]
[Result "1-0"]
[WhiteElo "1891"]
[BlackElo "2046"]
[PlyCount "99"]
[EventDate "2013.01.12"]
[EventType "swiss"]
[EventRounds "9"]
[EventCountry "ESP"]
[Source "lmi"]
[SourceDate "2013.01.12"]

1. d4 d5 2. Nf3 c5 3. c3 Nf6 4. e3 e6 5. Bd3 Bd6 6. Nbd2 Nbd7 7. O-O O-O 8. e4
dxe4 9. Nxe4 Nxe4 10. Bxe4 Nf6 11. Bg5 h6 12. Bxf6 Qxf6 13. Qe2 Rb8 14. Rfe1 b5
15. a3 Rb6 16. Rad1 g6 17. g3 a5 18. Qe3 cxd4 19. Nxd4 Bc5 20. Qxh6 e5 21. Nf3
Bg4 22. Ng5 Qg7 23. Qxg7+ Kxg7 24. Rd5 Rc8 25. Bg2 f6 26. Ne4 Be7 27. h3 Be6
28. Rdd1 Bb3 29. Rd7 Kf7 30. Nd2 Be6 31. Bd5 b4 32. axb4 axb4 33. c4 b3 34. Re3
Bxd5 35. Rxd5 Rcb8 36. Rdd3 Bc5 37. Rd7+ Ke6 38. Red3 Bd4 39. Ra7 Bxb2 40. c5
Rc6 41. Nxb3 f5 42. Ra5 Rb4 43. Kg2 e4 44. Re3 Kd5 45. Ra2 Bd4 46. Rd2 Rxc5 47.
Nxc5 Kxc5 48. Ra3 Rb5 49. h4 Kd5 50. Ra4 1-0

[Event "WinterChess sub 2200 enero 2013"]
[Site "Palma de Mallorca ESP"]
[Date "2013.01.17"]
[Round "6.12"]
[White "Nadal Bestard, Sebastia"]
[Black "Valls Casas, Jordi"]
[Result "1/2-1/2"]
[WhiteElo "1852"]
[BlackElo "2030"]
[PlyCount "101"]
[EventDate "2013.01.12"]
[EventType "swiss"]
[EventRounds "9"]
[EventCountry "ESP"]
[Source "lmi"]
[SourceDate "2013.01.12"]

1. d4 Nf6 2. c4 c5 3. d5 b5 4. Nf3 d6 5. Nbd2 bxc4 6. e4 Qa5 7. Qc2 g6 8. Bxc4
Bg7 9. O-O Nbd7 10. Nb3 Qc7 11. Bd2 O-O 12. Rfe1 Nb6 13. Bf1 Bg4 14. Be2 Rab8
15. h3 Bd7 16. Bf4 Ba4 17. Nfd2 Nfd7 18. Rac1 Ne5 19. Qb1 Qd7 20. Na5 Qd8 21.
b3 Nxd5 22. exd5 Qxa5 23. Bxe5 dxe5 24. Nc4 Qc7 25. Qd3 Bb5 26. Qe3 Rfd8 27.
Bf3 Bxc4 28. Rxc4 Qa5 29. Ra4 Qb6 30. Rc1 Rdc8 31. Be2 Rc7 32. Ra6 Qb4 33. Rc4
Qe1+ 34. Kh2 Rbc8 35. Raa4 Qa1 36. Rc1 Qb2 37. Bc4 e4 38. Re1 Bd4 39. Qxe4 Qxf2
40. Rf1 Qe3 41. Qh4 Bf6 42. Qg4 h5 43. Qf3 Qxf3 44. Rxf3 Kg7 45. Ra6 Rd7 46. g3
Be5 47. Kg2 Bd6 48. Re3 Rb7 49. Re4 Rcc7 50. Ra4 Rb8 51. Ra6 1/2-1/2

[Event "WinterChess sub 2200 enero 2013"]
[Site "Palma de Mallorca ESP"]
[Date "2013.01.17"]
[Round "6.13"]
[White "Caliz Morales, Felipe"]
[Black "Sanchez Fernandez, Jose Joaqui"]
[Result "0-1"]
[WhiteElo "1838"]
[BlackElo "1989"]
[PlyCount "144"]
[EventDate "2013.01.12"]
[EventType "swiss"]
[EventRounds "9"]
[EventCountry "ESP"]
[Source "lmi"]
[SourceDate "2013.01.12"]

1. Nf3 d6 2. g3 e5 3. c4 Nc6 4. d3 Be7 5. Bg2 h5 6. h4 Bg4 7. Nc3 Qd7 8. Nd5
Nh6 9. Nxe7 Qxe7 10. Qb3 O-O-O 11. Bxh6 Rxh6 12. O-O-O Rf6 13. Rd2 Bd7 14. e3
b6 15. Ng5 a5 16. Ne4 Rg6 17. Nc3 Qe8 18. a3 f5 19. Nd5 Kb7 20. Qc3 e4 21. dxe4
fxe4 22. Rhd1 Bg4 23. Re1 Kc8 24. Qc2 Bf5 25. Red1 Re6 26. Qa4 Ne5 27. Qc2 Nd3+
28. Kb1 Kb8 29. Ka1 Re5 30. Qc3 Qf7 31. b4 Rxd5 32. cxd5 axb4 33. axb4 Qd7 34.
Qc4 Qa4+ 35. Kb1 Qxb4+ 36. Qxb4 Nxb4 37. Rd4 Nd3 38. Rd2 Nc5 39. Bf1 Nb3 40.
Bb5 Nxd2+ 41. Rxd2 Bd7 42. Ba6 Re8 43. Ra2 Re5 44. Bc4 Bc8 45. Rd2 Bb7 46. Kb2
b5 47. Bb3 Ka7 48. Ka3 Kb6 49. Kb4 Rf5 50. Ba2 Rf8 51. Bb3 Bc8 52. Bc2 Bf5 53.
Bb3 Ra8 54. Rc2 Bd7 55. Rd2 Ra1 56. Bc2 Bf5 57. Bb3 Bg4 58. Rc2 Bd7 59. Rd2 Rb1
60. Ka3 Ra1+ 61. Kb2 Rf1 62. Kc3 Rc1+ 63. Kb4 Be8 64. Bc2 Bg6 65. f3 Rxc2 66.
Rxc2 exf3 67. Rd2 Be4 68. Kc3 Kc5 69. Rb2 b4+ 70. Rxb4 f2 71. Rxe4 f1=Q 72. Rf4
Qe1+ 0-1

[Event "WinterChess sub 2200 enero 2013"]
[Site "Palma de Mallorca ESP"]
[Date "2013.01.17"]
[Round "6.14"]
[White "Figuerola Campins, Antonio"]
[Black "Terradas Calafell, Jaume"]
[Result "1-0"]
[WhiteElo "1889"]
[BlackElo "1784"]
[PlyCount "35"]
[EventDate "2013.01.12"]
[EventType "swiss"]
[EventRounds "9"]
[EventCountry "ESP"]
[Source "lmi"]
[SourceDate "2013.01.12"]

1. e4 e6 2. d4 d5 3. Nc3 Nf6 4. Bg5 Bb4 5. e5 h6 6. Bd2 Bxc3 7. bxc3 Ne4 8. Qg4
g6 9. h4 c5 10. Nf3 Qa5 11. Rh3 Qa4 12. Bd3 Nxd2 13. Nxd2 c4 14. Bxg6 Rg8 15.
Bxf7+ Kxf7 16. Rf3+ Ke7 17. Qxg8 Qe8 18. Qg7+ 1-0